| 000 | 00848nam a2200253 a 4500 | ||
|---|---|---|---|
| 001 | 000011432 | ||
| 005 | 20210409114020.0 | ||
| 008 | 091019s1996 sp a 000 p spa d | ||
| 020 | _a8437612241 | ||
| 040 |
_aDO-SdBNP _bspa _cBNPHU |
||
| 082 |
_a861.62 _bG216p, 1996 |
||
| 100 |
_aGarcía Lorca, Federico, _d1898-1936 _914727 |
||
| 245 | 1 | 0 |
_aPoesía inédita de juventud / _cFederico García Lorca ; edición de Christian De Paepe ; prólogo de Marie Laffranque. |
| 250 | _a2a ed. ampliada y corregida | ||
| 260 |
_aMadrid : _bCátedra, _c1996. |
||
| 300 |
_a606 p. ; _c18 cm. |
||
| 500 | _aIncluye notas al pie de las páginas. | ||
| 650 | 4 |
_aPoesía española _9631 |
|
| 650 | 4 |
_aLiteratura española _9632 |
|
| 700 | 1 |
_aDe Paepe, Christian, _eed. _927109 |
|
| 700 | 1 |
_aLaffranque, Marie, _epról. _927110 |
|
| 910 | _aWM | ||
| 049 | _aBNGR | ||
| 999 |
_c11134 _d11134 |
||